رموز و فکر و فن : (Record no. 108890)

MARC details
000 -LEADER
fixed length control field 00881nam a22002657a 4500
005 - DATE AND TIME OF LATEST TRANSACTION
control field 20170123162346.0
010 ## - LIBRARY OF CONGRESS CONTROL NUMBER
LC control number A-842727
020 ## - INTERNATIONAL STANDARD BOOK NUMBER
Terms of availability 115.00
035 ## - SYSTEM CONTROL NUMBER
System control number A-842727
037 ## - SOURCE OF ACQUISITION
Source of stock number/acquisition Cen Lib/Ret
040 ## - CATALOGING SOURCE
Original cataloging agency DPL
Language of cataloging UR
082 ## - DEWEY DECIMAL CLASSIFICATION NUMBER
Classification number 840.4
Item number ز ی د
100 ## - MAIN ENTRY--PERSONAL NAME
Personal name زیادی، زاہدہ
9 (RLIN) 131741
245 ## - TITLE STATEMENT
Title رموز و فکر و فن :
Statement of responsibility, etc زاہدہ زیدی
Remainder of title تنقیدی مضامین /
246 ## - VARYING FORM OF TITLE
Title proper/short title Rumooz-e-fikr-o-fan
Remainder of title by Zahida Zaidi
260 ## - PUBLICATION, DISTRIBUTION, ETC. (IMPRINT)
Place of publication, distribution, etc علیگڑھ
Name of publisher, distributor, etc آبشار پبلیکیشنز
Date of publication, distribution, etc 1993
270 ## - ADDRESS
Address سر سید نگر
City علیگڑھ
300 ## - PHYSICAL DESCRIPTION
Extent 295p.
Dimensions 21cm(Hb)
500 ## - GENERAL NOTE
General note کتابیات
650 ## - SUBJECT ADDED ENTRY--TOPICAL TERM
Topical term or geographic name as entry element ادب -- اردو
9 (RLIN) 131742
650 ## - SUBJECT ADDED ENTRY--TOPICAL TERM
Topical term or geographic name as entry element اردو تنقیدی مضامین
9 (RLIN) 114356
650 ## - SUBJECT ADDED ENTRY--TOPICAL TERM
Topical term or geographic name as entry element Urdu literature
9 (RLIN) 131743
650 ## - SUBJECT ADDED ENTRY--TOPICAL TERM
Topical term or geographic name as entry element Urdu critical articles
9 (RLIN) 114358
942 ## - ADDED ENTRY ELEMENTS (KOHA)
Source of classification or shelving scheme Dewey Decimal Classification
Koha item type Urdu Bks
Classification part 840.4
Call number suffix ز ی د
Holdings
Withdrawn status Lost status Damaged status Not for loan Home library Current library Date acquired Source of acquisition Cost, normal purchase price Total Checkouts Full call number Barcode Date last seen Copy number Cost, replacement price Price effective from Koha item type
        Central Library Central Library 09/02/2016 Cen Lib/Ret 115.00   840.4 ز ی د A-842727 09/02/2016 1 115.00 09/02/2016 Urdu Bks

© Delhi Public Library
Hit Counter
free hit counter